Sociology Themes and Perspectives (Record no. 46515)
[ view plain ]
| 000 -LEADER | |
|---|---|
| fixed length control field | 00509nam a22001937a 4500 |
| 005 - DATE AND TIME OF LATEST TRANSACTION | |
| control field | 20251209201517.0 |
| 008 - FIXED-LENGTH DATA ELEMENTS--GENERAL INFORMATION | |
| fixed length control field | 251209b |||||||| |||| 00| 0 eng d |
| 020 ## - INTERNATIONAL STANDARD BOOK NUMBER | |
| International Standard Book Number | 9780007583195 |
| 041 ## - LANGUAGE CODE | |
| Language code of text/sound track or separate title | eng |
| 082 ## - DEWEY DECIMAL CLASSIFICATION NUMBER | |
| Classification number | 306.3 HAR |
| 100 ## - MAIN ENTRY--PERSONAL NAME | |
| Author | Haralambos, Michael |
| 245 ## - TITLE STATEMENT | |
| Title | Sociology Themes and Perspectives |
| 250 ## - EDITION STATEMENT | |
| Edition statement | 8th |
| 260 ## - PUBLICATION, DISTRIBUTION, ETC. | |
| Place | London |
| Publisher | Hpper Collins |
| Publication Year | 2025 (Reprint) |
| 300 ## - PHYSICAL DESCRIPTION | |
| Extent | 1098;. P; 25 cm 25 |
| 650 ## - SUBJECT ADDED ENTRY--TOPICAL TERM | |
| Subject | General Management; Sociology |
| 700 ## - ADDED ENTRY--PERSONAL NAME | |
| Co-Author | Holborn, Martin |
| 942 ## - ADDED ENTRY ELEMENTS (KOHA) | |
| Koha item type | Books |
| Withdrawn status | Lost status | Source of classification or shelving scheme | Damaged status | Not for loan | Home library | Current library | Shelving location | Accession Date | Vendor | Price | Bill number | Total Checkouts | Full call number | Barcode No | Date last seen | Bill Date | Koha item type | Suggested By |
|---|---|---|---|---|---|---|---|---|---|---|---|---|---|---|---|---|---|---|
| Dewey Decimal Classification | IMTN | IMTN | Rack 6-B | 12/01/2025 | Amazon | 1467.00 | HYD8- 272669 | 306.3 HAR | 33962 | 12/28/2025 | 11/04/2025 | Books | Fauclty Purchase by Dr. Sarabjit Singh Oberoi |